000 00447nam a22001097a 4500
082 _a320
100 _aबर्णवाल ,महेश कुमार
_978617
245 _aभारतीय संबिधान एवं राजव्यवस्था NCERT सार ( कक्षाVI-XII) सहित
260 _aदिल्ली
_bCosmos Publication
_c2024
650 _aराजव्यवस्था
942 _cC. BOOKS
999 _c67157
_d67157